Score 0/25 Timer 10:00
0 Plays Today
% Correct
Tu
96.4%
Um
96.4%
Minuto
96.4%
Portugues
96.4%
Carro
96.4%
Ela
92.9%
Planta
92.9%
Melhor amigo
91.1%
Inglesa
91.1%
O melhor
89.3%
Bonita
89.3%
Mim
87.5%
Jogar
87.5%
% Correct
Dormir
87.5%
Pessoas
85.7%
Feliz
82.1%
Peixe
82.1%
Rato
82.1%
Lagarto
82.1%
Vento
76.8%
Parar
75%
Ganhar
69.6%
Saltar
67.9%
Sair
67.9%
Areia
62.5%
Remove Ads.
Support Sporcle.
Get the best of Sporcle when you Go Orange. This ad-free experience offers more features, more stats, and more fun while also helping to support Sporcle. Thank you for becoming a member.

You're not logged in!

Compare scores with friends on all Sporcle quizzes.
OR
Log In

Sporcle TV

Today on Sporcle TV


Watch our educational content, quiz creation guides, and fun videos on Sporcle TV.

Show Comments

Extras

Created Sep 26, 2017ReportNominate
Tags:Clickable Quiz, portuguese

Top Quizzes Today


Score Distribution

Paid Content

Your Account Isn't Verified!

In order to create a playlist on Sporcle, you need to verify the email address you used during registration. Go to your Sporcle Settings to finish the process.

Report this User

Report this user for behavior that violates our Community Guidelines.

Details: